[Event "Europa ch Femenino 2013"]
[Site "Belgrado SER"]
[Date "2013.07.28"]
[Round "6.7"]
[White "Ozturk, Kubra"]
[Black "Zawadzka, Jolanta"]
[Result "1/2-1/2"]
[WhiteElo "2293"]
[BlackElo "2393"]
[PlyCount "47"]
[EventDate "2013.07.23"]
[EventType "swiss"]
[EventRounds "11"]
[EventCountry "SER"]
[Source "lmi"]
[SourceDate "2013.07.22"]

1. d4 d5 2. c4 e6 3. Nf3 Nf6 4. Nc3 Bb4 5. cxd5 exd5 6. Bg5 h6 7. Bh4 c5 8. e3
c4 9. Be2 g5 10. Bg3 Bf5 11. O-O Bxc3 12. bxc3 Nbd7 13. Ne5 Ne4 14. Rc1 O-O 15.
Bg4 Bxg4 16. Qxg4 Ndf6 17. Qh3 Kg7 18. f3 Nxg3 19. Qxg3 b5 20. h4 Nh5 21. Qg4
Nf6 22. Qg3 Nh5 23. Qg4 Nf6 24. Qg3 1/2-1/2

[Event "Europa ch Femenino 2013"]
[Site "Belgrado SER"]
[Date "2013.07.28"]
[Round "6.8"]
[White "Shadrina, Tatiana"]
[Black "Ivakhinova, Inna"]
[Result "1/2-1/2"]
[WhiteElo "2377"]
[BlackElo "2291"]
[PlyCount "80"]
[EventDate "2013.07.23"]
[EventType "swiss"]
[EventRounds "11"]
[EventCountry "SER"]
[Source "lmi"]
[SourceDate "2013.07.22"]

1. e4 c5 2. Nf3 d6 3. d4 cxd4 4. Nxd4 Nf6 5. Nc3 a6 6. Bg5 e6 7. f4 Qb6 8. Nb3
Nbd7 9. Qf3 Be7 10. O-O-O Qc7 11. g4 b5 12. Bxf6 Nxf6 13. g5 Nd7 14. a3 Rb8 15.
Rg1 b4 16. axb4 Qb6 17. Bc4 Qxb4 18. Qe2 Nc5 19. Nxc5 dxc5 20. Bb3 O-O 21. Rg3
a5 22. f5 c4 23. Qxc4 Qxc4 24. Bxc4 exf5 25. exf5 Bxf5 26. Nd5 Bc5 27. Bd3 Be6
28. Nc7 Bc8 29. Na6 Bxa6 30. Bxa6 Rfd8 31. Rxd8+ Rxd8 32. Bc4 Be7 33. Rg4 g6
34. h4 Kg7 35. Re4 Bd6 36. Rd4 f6 37. gxf6+ Kxf6 38. Bd3 h5 39. Kd1 Bc7 40. Rc4
Be5 1/2-1/2

[Event "Europa ch Femenino 2013"]
[Site "Belgrado SER"]
[Date "2013.07.28"]
[Round "6.9"]
[White "Vojinovic, Jovana"]
[Black "Schut, Lisa"]
[Result "0-1"]
[WhiteElo "2376"]
[BlackElo "2277"]
[PlyCount "106"]
[EventDate "2013.07.23"]
[EventType "swiss"]
[EventRounds "11"]
[EventCountry "SER"]
[Source "lmi"]
[SourceDate "2013.07.22"]

1. d4 Nf6 2. c4 g6 3. g3 Bg7 4. Bg2 d5 5. cxd5 Nxd5 6. Nf3 Nb6 7. Nc3 Nc6 8. e3
O-O 9. O-O Re8 10. h3 a5 11. d5 Bxc3 12. dxc6 Bf6 13. Nd4 Rb8 14. Qc2 Bxd4 15.
Rd1 Bf5 16. Qe2 e5 17. g4 Bc8 18. exd4 e4 19. d5 Nxd5 20. Qb5 Be6 21. cxb7 f5
22. gxf5 gxf5 23. Bf4 Re7 24. Bg5 Qd7 25. Qxa5 Rg7 26. Qa7 Qe8 27. h4 c6 28. b3
Rbxb7 29. Qc5 h6 30. Bxh6 Qh5 31. Bxg7 Rxg7 32. Qd6 Qf3 33. Qxe6+ Kh7 34. Kf1
Rxg2 35. Qd7+ Rg7 36. Rxd5 Rxd7 37. Rxd7+ Kh6 38. Re1 f4 39. Rd6+ Kh5 40. Rd8
e3 41. Rh8+ Kg6 42. Rg8+ Kf7 43. Rg2 Qh3 44. Kg1 Qxh4 45. a4 Kf6 46. a5 Kf5 47.
Rc1 e2 48. a6 Qe7 49. Re1 f3 50. Rg3 Kf4 51. a7 Qxa7 52. Rc1 Qd4 53. Kh1 Qxf2
0-1

[Event "Europa ch Femenino 2013"]
[Site "Belgrado SER"]
[Date "2013.07.28"]
[Round "6.10"]
[White "Majdan-Gajewska, Joanna"]
[Black "Umudova, Nargiz"]
[Result "1-0"]
[WhiteElo "2375"]
[BlackElo "2253"]
[PlyCount "78"]
[EventDate "2013.07.23"]
[EventType "swiss"]
[EventRounds "11"]
[EventCountry "SER"]
[Source "lmi"]
[SourceDate "2013.07.22"]

1. e4 c6 2. d4 d5 3. Nc3 dxe4 4. Nxe4 Bf5 5. Ng3 Bg6 6. h4 h6 7. Nf3 Nd7 8. h5
Bh7 9. Bd3 Bxd3 10. Qxd3 e6 11. Bf4 Qa5+ 12. Bd2 Bb4 13. c3 Be7 14. Ne4 Ngf6
15. c4 Bb4 16. Nd6+ Ke7 17. c5 Bxd2+ 18. Nxd2 Qc7 19. N2c4 Rhd8 20. Rh4 b6 21.
Rf4 Rf8 22. Qf3 bxc5 23. dxc5 Nxc5 24. Rxf6 gxf6 25. Qa3 Rfd8 26. Rd1 Rxd6 27.
Rxd6 Qxd6 28. Nxd6 Kxd6 29. Qe3 e5 30. Qxh6 Ke7 31. Qe3 Ne6 32. Qa3+ Kd7 33.
Qf3 Nf4 34. g3 Nd5 35. h6 Ke6 36. Qg4+ f5 37. Qg7 Ne7 38. h7 Ng6 39. Qg8 Kd5
1-0

[Event "Europa ch Femenino 2013"]
[Site "Belgrado SER"]
[Date "2013.07.28"]
[Round "6.11"]
[White "Papp, Petra"]
[Black "Kovanova, Baira"]
[Result "0-1"]
[WhiteElo "2276"]
[BlackElo "2371"]
[PlyCount "86"]
[EventDate "2013.07.23"]
[EventType "swiss"]
[EventRounds "11"]
[EventCountry "SER"]
[Source "lmi"]
[SourceDate "2013.07.22"]

1. e4 e5 2. Nf3 Nc6 3. Bb5 a6 4. Ba4 Nf6 5. O-O Be7 6. d3 b5 7. Bb3 O-O 8. a4
b4 9. Nbd2 a5 10. Re1 d6 11. h3 h6 12. Nc4 Be6 13. Be3 Re8 14. Qe2 Bf8 15. Rad1
Qb8 16. Ncd2 d5 17. exd5 Nxd5 18. Ne4 Qb7 19. Bc4 Rad8 20. Bb5 Bd7 21. Bc1 Nb8
22. Bc4 Bxa4 23. Bxh6 gxh6 24. Bxd5 Rxd5 25. Nf6+ Kg7 26. Nxe8+ Bxe8 27. Nxe5
Bd7 28. Qf3 Be6 29. Re4 Bd6 30. Rg4+ Kf8 31. Ng6+ Ke8 32. Re1 Nd7 33. Rge4 Kd8
34. Qe3 Rg5 35. f4 Rxg6 36. f5 Rg5 37. fxe6 f5 38. e7+ Bxe7 39. Rg4 Qb6 40. Rd4
Qxd4 41. Qxd4 Bc5 42. Qxc5 Nxc5 43. Re5 f4 0-1

[Event "Europa ch Femenino 2013"]
[Site "Belgrado SER"]
[Date "2013.07.28"]
[Round "6.12"]
[White "Savina, Anastasia"]
[Black "Styazhkina, Anna"]
[Result "1-0"]
[WhiteElo "2368"]
[BlackElo "2242"]
[PlyCount "79"]
[EventDate "2013.07.23"]
[EventType "swiss"]
[EventRounds "11"]
[EventCountry "SER"]
[Source "lmi"]
[SourceDate "2013.07.22"]

1. d4 d5 2. c4 c6 3. Nc3 Nf6 4. e3 e6 5. Nf3 Nbd7 6. Qc2 Bd6 7. Bd3 dxc4 8.
Bxc4 b5 9. Bd3 Bb7 10. O-O O-O 11. e4 e5 12. h3 Rc8 13. Bg5 h6 14. Bh4 exd4 15.
Nxd4 Ne5 16. Rad1 b4 17. Nf5 Ng6 18. Bc4 Nxh4 19. Rxd6 Qc7 20. Rxf6 Nxf5 21.
Rxf5 bxc3 22. Qxc3 c5 23. f3 Rcd8 24. Kh1 Kh8 25. Bb3 Ba6 26. Rc1 c4 27. Bxc4
Bxc4 28. b3 Qb6 29. Qxc4 Rd2 30. Rxf7 Rfd8 31. Qc5 Qg6 32. Rf8+ Kh7 33. g4 Rxf8
34. Qxf8 Rxa2 35. Rc8 Qe6 36. Re8 Ra1+ 37. Kg2 Ra2+ 38. Kg3 Qd7 39. Qg8+ Kg6
40. Re6+ 1-0

[Event "Europa ch Femenino 2013"]
[Site "Belgrado SER"]
[Date "2013.07.28"]
[Round "6.31"]
[White "Schleining, Zoya"]
[Black "Vrabic, Anita"]
[Result "1-0"]
[WhiteElo "2368"]
[BlackElo "2112"]
[PlyCount "91"]
[EventDate "2013.07.23"]
[EventType "swiss"]
[EventRounds "11"]
[EventCountry "SER"]
[Source "lmi"]
[SourceDate "2013.07.22"]

1. Nf3 Nf6 2. c4 g6 3. Nc3 d5 4. cxd5 Nxd5 5. Qa4+ c6 6. Nxd5 Qxd5 7. e4 Qd8 8.
d4 Bg7 9. Be3 O-O 10. Be2 Nd7 11. Qc2 e5 12. O-O exd4 13. Nxd4 Nf6 14. Rad1 Qa5
15. f3 Re8 16. Bc4 Qb4 17. Rfe1 Qe7 18. Kh1 Nd7 19. Bf2 Be5 20. a3 Nf8 21. g3
Ne6 22. Nb3 g5 23. Rg1 Kh8 24. Be2 Qf6 25. Rd2 a5 26. Rgd1 h5 27. Nd4 Ng7 28.
Rd3 h4 29. g4 Bxg4 30. Be3 Bh3 31. Qd2 Bf4 32. Bxf4 gxf4 33. Bf1 Bc8 34. Ne2
Nh5 35. Rd6 Qg5 36. Qd4+ f6 37. Nc3 Rg8 38. Rd2 h3 39. Na4 Bg4 40. fxg4 Qxg4
41. Qf2 Ng3+ 42. hxg3 fxg3 43. Qxf6+ Rg7 44. Qh6+ Kg8 45. Bc4+ Kf8 46. Qf6+ 1-0

[Event "Europa ch Femenino 2013"]
[Site "Belgrado SER"]
[Date "2013.07.28"]
[Round "6.32"]
[White "Sandu, Mihaela"]
[Black "Kursova, Maria"]
[Result "1/2-1/2"]
[WhiteElo "2237"]
[BlackElo "2351"]
[PlyCount "94"]
[EventDate "2013.07.23"]
[EventType "swiss"]
[EventRounds "11"]
[EventCountry "SER"]
[Source "lmi"]
[SourceDate "2013.07.22"]

1. e4 c5 2. Nf3 e6 3. d4 cxd4 4. Nxd4 a6 5. Nc3 b5 6. Bd3 Bb7 7. O-O Ne7 8. Bg5
Qc8 9. e5 Ng6 10. Re1 Nc6 11. Nxc6 Bxc6 12. Bxg6 hxg6 13. Ne4 Qc7 14. c4 bxc4
15. Rc1 f6 16. Bf4 g5 17. Bg3 f5 18. Nxg5 Be7 19. h4 Qb7 20. Nf3 Bd5 21. Qd4
Rc8 22. Red1 Rc7 23. Ne1 g5 24. hxg5 Bxg5 25. Rc2 Rg8 26. f3 Rc8 27. Kf1 Kf7
28. Bh4 Rg6 29. Bxg5 Rxg5 30. b3 cxb3 31. Rxc8 Qxc8 32. axb3 Rh5 33. Rd2 Rh1+
34. Kf2 Qh8 35. Qf4 Bc6 36. Nc2 Bb5 37. Nd4 Rf1+ 38. Ke3 Qh1 39. Nxb5 Qg1+ 40.
Kd3 axb5 41. Qd4 Qxd4+ 42. Kxd4 Rc1 43. Ra2 Rd1+ 44. Ke3 Re1+ 45. Kd4 Rd1+ 46.
Ke3 Re1+ 47. Kd4 Rd1+ 1/2-1/2

[Event "Europa ch Femenino 2013"]
[Site "Belgrado SER"]
[Date "2013.07.28"]
[Round "6.33"]
[White "Isgandarova, Khayala"]
[Black "Kashlinskaya, Alina"]
[Result "0-1"]
[WhiteElo "2219"]
[BlackElo "2334"]
[PlyCount "72"]
[EventDate "2013.07.23"]
[EventType "swiss"]
[EventRounds "11"]
[EventCountry "SER"]
[Source "lmi"]
[SourceDate "2013.07.22"]

1. d4 Nf6 2. c4 g6 3. Nc3 Bg7 4. Nf3 O-O 5. e3 d6 6. Be2 Nbd7 7. O-O e5 8. Qc2
Re8 9. dxe5 dxe5 10. Rd1 c6 11. b4 Qe7 12. Rb1 Nf8 13. c5 a5 14. a3 axb4 15.
axb4 Bf5 16. e4 Bg4 17. Bb2 Bxf3 18. Bxf3 Ne6 19. Na4 Ng5 20. Be2 Nfxe4 21. Nb6
Rad8 22. h4 Nh3+ 23. gxh3 Qxh4 24. Bf1 Nd2 25. Ra1 Nf3+ 26. Kg2 e4 27. Bc4 Qg5+
28. Kf1 e3 29. Ke2 Qg2 30. Bxf7+ Kxf7 31. Qc4+ Kf8 32. Bxg7+ Kxg7 33. Qc3+ Kh6
34. Rxd8 Qxf2+ 35. Kd3 Rxd8+ 36. Kc4 Nd2+ 0-1

[Event "Europa ch Femenino 2013"]
[Site "Belgrado SER"]
[Date "2013.07.28"]
[Round "6.34"]
[White "Mammadova, Gulnar"]
[Black "Gueci, Tea"]
[Result "1-0"]
[WhiteElo "2322"]
[BlackElo "2018"]
[PlyCount "71"]
[EventDate "2013.07.23"]
[EventType "swiss"]
[EventRounds "11"]
[EventCountry "SER"]
[Source "lmi"]
[SourceDate "2013.07.22"]

1. e4 g6 2. d4 Bg7 3. Nc3 d6 4. Be3 c6 5. a4 Nd7 6. g3 Ngf6 7. Bg2 O-O 8. h3 e5
9. Nge2 Re8 10. O-O Qc7 11. g4 Nb6 12. b3 a5 13. d5 Rd8 14. Qd2 Bd7 15. Rad1
cxd5 16. exd5 Be8 17. Ng3 h6 18. Nce2 Kh7 19. c4 Nbd7 20. Nc3 Nc5 21. Qc2 Qb6
22. Rb1 Qc7 23. Kh1 Na6 24. Rbd1 Nb4 25. Qb1 Qe7 26. Nce2 Bd7 27. g5 hxg5 28.
Bxg5 Rh8 29. f4 Kg8 30. f5 Bh6 31. Qc1 Qf8 32. fxg6 Ng4 33. gxf7+ Kh7 34. hxg4
Bxg4 35. Be4+ Kg7 36. Bf6+ 1-0

[Event "Europa ch Femenino 2013"]
[Site "Belgrado SER"]
[Date "2013.07.28"]
[Round "6.35"]
[White "Eric, Jovana"]
[Black "Kosintseva, Tatiana"]
[Result "1/2-1/2"]
[WhiteElo "2223"]
[BlackElo "2528"]
[PlyCount "100"]
[EventDate "2013.07.23"]
[EventType "swiss"]
[EventRounds "11"]
[EventCountry "SER"]
[Source "lmi"]
[SourceDate "2013.07.22"]

1. e4 c5 2. Nf3 d6 3. d4 cxd4 4. Nxd4 Nf6 5. Nc3 a6 6. Be2 e6 7. Be3 Nbd7 8. f3
b5 9. g4 h6 10. Qd2 Bb7 11. a3 Nb6 12. O-O-O Nfd7 13. f4 Rc8 14. g5 hxg5 15.
fxg5 Ne5 16. Rdf1 g6 17. h4 Nbc4 18. Bxc4 Nxc4 19. Qf2 Qe7 20. Nde2 Nxe3 21.
Qxe3 Bg7 22. Rh3 Be5 23. Rhf3 Rc7 24. Rxf7 Qxf7 25. Rxf7 Rxf7 26. Qh3 Ke7 27.
Kb1 Bc8 28. Qd3 Kf8 29. Nd4 Bd7 30. Nf3 Bxc3 31. Qxc3 e5 32. Qd3 Ke7 33. b3 Bg4
34. Nh2 Be6 35. Nf3 Bg4 36. Nh2 Be6 37. Nf3 Rc8 38. Kb2 Rf4 39. Qe3 Bd7 40. Nd2
Rxh4 41. Qf2 Rf4 42. Qh2 Be6 43. Qh7+ Bf7 44. Qh3 Rc5 45. Qe3 Be6 46. Nf3 Rg4
47. Qf2 Rf4 48. Qe3 Rc8 49. Nd4 Bd7 50. Ne2 Rf7 1/2-1/2

[Event "Europa ch Femenino 2013"]
[Site "Belgrado SER"]
[Date "2013.07.28"]
[Round "6.36"]
[White "Zhukova, Natalia"]
[Black "Mamedjarova, Zeinab"]
[Result "1-0"]
[WhiteElo "2471"]
[BlackElo "2256"]
[PlyCount "79"]
[EventDate "2013.07.23"]
[EventType "swiss"]
[EventRounds "11"]
[EventCountry "SER"]
[Source "lmi"]
[SourceDate "2013.07.22"]

1. d4 Nf6 2. c4 c5 3. d5 e6 4. Nc3 exd5 5. cxd5 d6 6. Nf3 g6 7. Bf4 a6 8. a4
Bg7 9. h3 O-O 10. e3 Qe7 11. Be2 Nbd7 12. O-O Nh5 13. Bh2 f5 14. Nd2 Nhf6 15.
Nc4 Ne8 16. a5 Rb8 17. Qb3 Kh8 18. Rfe1 g5 19. f4 gxf4 20. exf4 Bd4+ 21. Kh1
Ndf6 22. Bf3 Qg7 23. Ne2 Ne4 24. Bxe4 fxe4 25. Nxd4 Rg8 26. Qc2 cxd4 27. Qxe4
Bd7 28. Bg1 Nf6 29. Bxd4 Nxe4 30. Bxg7+ Rxg7 31. Rxe4 Rc8 32. Nxd6 Rc2 33. g4
h5 34. f5 hxg4 35. Rxg4 Rh7 36. Rg3 Rg7 37. Rag1 Rxg3 38. Rxg3 Rf2 39. Kg1 Rf4
40. Rg4 1-0

[Event "Europa ch Femenino 2013"]
[Site "Belgrado SER"]
[Date "2013.07.28"]
[Round "6.37"]
[White "Bulmaga, Irina"]
[Black "Dolzhikova, Olga"]
[Result "1-0"]
[WhiteElo "2403"]
[BlackElo "2244"]
[PlyCount "73"]
[EventDate "2013.07.23"]
[EventType "swiss"]
[EventRounds "11"]
[EventCountry "SER"]
[Source "lmi"]
[SourceDate "2013.07.22"]

1. e4 e5 2. Nf3 Nf6 3. Nxe5 d6 4. Nf3 Nxe4 5. d4 d5 6. Bd3 Bd6 7. O-O O-O 8.
Re1 Bf5 9. c4 c6 10. Qb3 Na6 11. Nc3 dxc4 12. Bxc4 Nxc3 13. bxc3 b5 14. Bf1 Nc7
15. c4 bxc4 16. Qxc4 Nd5 17. Bd2 Rc8 18. Ne5 Nb6 19. Qc3 c5 20. Qf3 Be6 21. Bd3
cxd4 22. Qh5 f5 23. Nf3 g6 24. Qh6 Bc4 25. Bxc4+ Nxc4 26. Bg5 Qd7 27. Nxd4 Be5
28. Rad1 Rfe8 29. Nf3 Qg7 30. Qh4 Qf7 31. Rc1 Qd5 32. h3 a5 33. a4 Rc5 34. Red1
Qc6 35. Be7 Rd5 36. Re1 Qd7 37. Qxc4 1-0

[Event "Europa ch Femenino 2013"]
[Site "Belgrado SER"]
[Date "2013.07.28"]
[Round "6.38"]
[White "Foisor, Cristina-Adela"]
[Black "Hairapetian, Anna"]
[Result "1/2-1/2"]
[WhiteElo "2387"]
[BlackElo "2214"]
[PlyCount "90"]
[EventDate "2013.07.23"]
[EventType "swiss"]
[EventRounds "11"]
[EventCountry "SER"]
[Source "lmi"]
[SourceDate "2013.07.22"]

1. Nf3 Nf6 2. g3 g6 3. b3 Bg7 4. Bb2 d6 5. d4 O-O 6. Bg2 c5 7. O-O Nc6 8. e3
Bf5 9. a3 Rc8 10. d5 Na5 11. Nfd2 b5 12. e4 Bg4 13. f3 Bd7 14. Ra2 e6 15. c4
bxc4 16. bxc4 exd5 17. exd5 Rb8 18. Bc3 Re8 19. Re1 Rxe1+ 20. Qxe1 Bf5 21. Bf1
Nb3 22. Rb2 Nd4 23. Bxd4 cxd4 24. Rb3 Rxb3 25. Nxb3 Qb6 26. N1d2 Bh6 27. f4 Bc2
28. Nc1 Qa5 29. Nf3 Qxa3 30. Nxd4 Qc5 31. Qf2 Ng4 32. Qxc2 Qxd4+ 33. Kh1 Nf2+
34. Kg2 Nd1 35. Kh1 Ne3 36. Qd3 Bg7 37. Nb3 Qxd3 38. Bxd3 Bc3 39. Kg1 a5 40.
Kf2 Ng4+ 41. Ke2 a4 42. h3 Nf6 43. Nc1 Bd4 44. Na2 a3 45. g4 h5 1/2-1/2

[Event "Europa ch Femenino 2013"]
[Site "Belgrado SER"]
[Date "2013.07.28"]
[Round "6.39"]
[White "Baraeva, Irina"]
[Black "Ovod, Evgenija"]
[Result "0-1"]
[WhiteElo "2171"]
[BlackElo "2386"]
[PlyCount "70"]
[EventDate "2013.07.23"]
[EventType "swiss"]
[EventRounds "11"]
[EventCountry "SER"]
[Source "lmi"]
[SourceDate "2013.07.22"]

1. d4 e6 2. c4 b6 3. Nf3 Bb7 4. a3 f5 5. Nc3 Nf6 6. g3 Ne4 7. Qc2 c5 8. Bg2
Nxc3 9. Qxc3 cxd4 10. Qxd4 Nc6 11. Qd3 Ne5 12. Qc3 Qf6 13. Qb3 Bxf3 14. Bxf3
Rc8 15. Bb7 Rc7 16. Ba6 Bc5 17. Bf4 g5 18. Bxe5 Qxe5 19. Rd1 f4 20. Bb5 O-O 21.
O-O Qxe2 22. Rxd7 Rxd7 23. Bxd7 Rd8 24. Qa4 fxg3 25. hxg3 Rf8 26. Qd1 Bxf2+ 27.
Kg2 Qe4+ 28. Kh2 Qe3 29. Qg4 Bxg3+ 30. Qxg3 Qxg3+ 31. Kxg3 Rxf1 32. Bxe6+ Kg7
33. Kg4 Kg6 34. b4 h5+ 35. Kg3 Ra1 0-1

[Event "Europa ch Femenino 2013"]
[Site "Belgrado SER"]
[Date "2013.07.28"]
[Round "6.40"]
[White "Arakhamia-Grant, Ketevan"]
[Black "Benderac, Ana"]
[Result "1-0"]
[WhiteElo "2385"]
[BlackElo "2225"]
[PlyCount "83"]
[EventDate "2013.07.23"]
[EventType "swiss"]
[EventRounds "11"]
[EventCountry "SER"]
[Source "lmi"]
[SourceDate "2013.07.22"]

1. e4 e5 2. Nf3 Nc6 3. Bb5 Nd4 4. Nxd4 exd4 5. Bc4 Nf6 6. d3 c6 7. O-O d5 8.
exd5 Nxd5 9. Re1+ Be7 10. Bg5 O-O 11. Bxe7 Nxe7 12. Nd2 Nd5 13. Qh5 Be6 14. Nf3
Qb6 15. Qh4 c5 16. Ng5 h6 17. Nxe6 fxe6 18. Qg4 Nc7 19. Bxe6+ Kh8 20. Bb3 a5
21. a4 Rae8 22. h3 Qf6 23. Qg3 Na6 24. Kf1 Nb4 25. Rxe8 Rxe8 26. Re1 Rxe1+ 27.
Kxe1 c4 28. Bxc4 Nxc2+ 29. Kd1 Nb4 30. Qb8+ Kh7 31. Qxb7 Nc6 32. Qf7 Qd8 33. f4
Ne7 34. Qe6 Qe8 35. Qe4+ Kh8 36. Kd2 Qd8 37. Ke2 Qd6 38. Qa8+ Kh7 39. Qe4+ Kh8
40. Kf3 Qd8 41. b3 Qd6 42. Qe6 1-0

[Event "Europa ch Femenino 2013"]
[Site "Belgrado SER"]
[Date "2013.07.28"]
[Round "6.41"]
[White "Shulakova, Svetlana"]
[Black "Melamed, Tatjana"]
[Result "1/2-1/2"]
[WhiteElo "2194"]
[BlackElo "2384"]
[PlyCount "87"]
[EventDate "2013.07.23"]
[EventType "swiss"]
[EventRounds "11"]
[EventCountry "SER"]
[Source "lmi"]
[SourceDate "2013.07.22"]

1. d4 Nf6 2. c4 g6 3. Nc3 Bg7 4. e4 d6 5. Nf3 O-O 6. Be2 e5 7. O-O exd4 8. Nxd4
Re8 9. f3 c6 10. Kh1 Nh5 11. g4 Nf6 12. Bf4 h5 13. h3 Qe7 14. Nb3 Bf8 15. Bg5
hxg4 16. hxg4 Bg7 17. Qd2 a5 18. Rad1 a4 19. Nd4 a3 20. b3 Nbd7 21. Kg2 Qf8 22.
Rh1 Nh7 23. Bh6 Bxh6 24. Rxh6 Qg7 25. Rdh1 Ndf8 26. g5 f6 27. gxf6 Qxf6 28. f4
Re7 29. Nf3 Bg4 30. Nd4 Bxe2 31. Ndxe2 Rae8 32. Qd3 Rg7 33. Rd1 Qe6 34. Ng3 Qg4
35. Qf3 Qe6 36. Nce2 Nf6 37. Nd4 Qg4 38. Rhh1 Rf7 39. Rhe1 Qh4 40. Rh1 Qg4 41.
Rhe1 Qh4 42. Rh1 Qg4 43. Rhe1 Qh4 44. Rh1 1/2-1/2

[Event "Europa ch Femenino 2013"]
[Site "Belgrado SER"]
[Date "2013.07.28"]
[Round "6.42"]
[White "Manakova, Maria"]
[Black "Pavlidou, Ekaterini"]
[Result "0-1"]
[WhiteElo "2351"]
[BlackElo "2210"]
[PlyCount "82"]
[EventDate "2013.07.23"]
[EventType "swiss"]
[EventRounds "11"]
[EventCountry "SER"]
[Source "lmi"]
[SourceDate "2013.07.22"]

1. d4 Nf6 2. c4 e6 3. Nc3 Bb4 4. Nf3 b6 5. e3 Bb7 6. Bd3 O-O 7. O-O d5 8. cxd5
exd5 9. Qc2 Re8 10. Ne5 a6 11. f4 Nbd7 12. Rf3 Qe7 13. Rh3 Nf8 14. Bd2 Bxc3 15.
bxc3 Ne4 16. c4 f5 17. Be1 c5 18. Rb1 cxd4 19. Bb4 Qc7 20. Bxf8 Rxf8 21. exd4
Rac8 22. Qb2 Nd6 23. cxd5 Bxd5 24. Bxa6 Ra8 25. Rc3 Qa7 26. Bc4 Nxc4 27. Nxc4
b5 28. Ne3 Be4 29. Qb3+ Kh8 30. Rd1 Qb8 31. g3 b4 32. Rc5 Ra3 33. Qe6 Rxe3 34.
Rdc1 Rc3 35. Qe5 Qa8 36. R1xc3 bxc3 37. Rc7 Rg8 38. Qe6 c2 39. Kf2 Qa3 40. Rc8
Qf3+ 41. Ke1 Qe3+ 0-1

[Event "Europa ch Femenino 2013"]
[Site "Belgrado SER"]
[Date "2013.07.28"]
[Round "6.43"]
[White "Gvetadze, Sofio"]
[Black "Stetsko, Lanita"]
[Result "1-0"]
[WhiteElo "2341"]
[BlackElo "2209"]
[PlyCount "77"]
[EventDate "2013.07.23"]
[EventType "swiss"]
[EventRounds "11"]
[EventCountry "SER"]
[Source "lmi"]
[SourceDate "2013.07.22"]

1. e4 e5 2. Nf3 Nc6 3. Bb5 a6 4. Ba4 Nf6 5. Qe2 Be7 6. c3 b5 7. Bb3 d6 8. O-O
O-O 9. h3 Bb7 10. Rd1 Re8 11. a4 Bf8 12. d3 h6 13. Nbd2 d5 14. Nf1 Na5 15. Bc2
c5 16. Ng3 Qb6 17. axb5 axb5 18. Bd2 dxe4 19. dxe4 c4 20. Be3 Bc5 21. Bxc5 Qxc5
22. Nf5 Nb3 23. Rxa8 Bxa8 24. Nh2 Re6 25. Ng4 Kh7 26. Rd8 Bb7 27. Nxf6+ Rxf6
28. Qg4 Rg6 29. Qd1 Ra6 30. Bxb3 cxb3 31. Nd6 Qa7 32. Qf3 Rxd6 33. Rxd6 Bc8 34.
Qd1 Qa2 35. Rd2 Be6 36. Kh2 Qa4 37. Qe2 Bc4 38. Qh5 Be6 39. Qxe5 1-0

[Event "Europa ch Femenino 2013"]
[Site "Belgrado SER"]
[Date "2013.07.28"]
[Round "6.45"]
[White "Kochetkova, Julia"]
[Black "Belenkaya, Dina"]
[Result "1-0"]
[WhiteElo "2328"]
[BlackElo "2191"]
[PlyCount "78"]
[EventDate "2013.07.23"]
[EventType "swiss"]
[EventRounds "11"]
[EventCountry "SER"]
[Source "lmi"]
[SourceDate "2013.07.22"]

1. e4 c6 2. d4 d5 3. e5 c5 4. dxc5 Nc6 5. Nf3 Bg4 6. Be2 e6 7. O-O Bxc5 8. Bf4
Nge7 9. Nbd2 Ng6 10. Bg3 O-O 11. h3 Bxf3 12. Nxf3 Qb6 13. Bd3 Nb4 14. Be2 Nc6
15. a3 Nd4 16. Bd3 Nxf3+ 17. Qxf3 Qxb2 18. Rab1 Qxa3 19. h4 f5 20. exf6 Rxf6
21. Qg4 Bd6 22. Rxb7 Bxg3 23. Qxg3 Qf8 24. Rfb1 Nf4 25. Bf1 a5 26. Qe3 a4 27.
g3 Ng6 28. Bh3 Qc8 29. Ra7 Rxa7 30. Qxa7 Qxc2 31. Rb7 Kh8 32. Bxe6 Nf8 33. Rf7
Qd1+ 34. Kh2 Qf3 35. Rxf6 gxf6 36. Bh3 a3 37. Bg2 Qd3 38. Qf7 Ng6 39. Bxd5 Ne7
1-0

[Event "Europa ch Femenino 2013"]
[Site "Belgrado SER"]
[Date "2013.07.28"]
[Round "6.46"]
[White "Klinova, Masha"]
[Black "Drljevic, Ljilja"]
[Result "1-0"]
[WhiteElo "2322"]
[BlackElo "2187"]
[PlyCount "115"]
[EventDate "2013.07.23"]
[EventType "swiss"]
[EventRounds "11"]
[EventCountry "SER"]
[Source "lmi"]
[SourceDate "2013.07.22"]

1. e4 d6 2. d4 Nf6 3. Nc3 g6 4. f4 Bg7 5. Nf3 O-O 6. Bd3 Na6 7. O-O c5 8. d5
Rb8 9. a4 Nb4 10. Bc4 a6 11. Qe2 Nd7 12. Na2 Nb6 13. Bb3 Nd7 14. Nc3 Qc7 15.
Be3 c4 16. Ba2 Nxa2 17. Rxa2 e6 18. Qd2 Nf6 19. a5 Ng4 20. Bb6 Qe7 21. Raa1 Nf6
22. Bd4 exd5 23. Nxd5 Nxd5 24. exd5 Bf5 25. Rae1 Qd8 26. h3 c3 27. bxc3 Qxa5
28. Bxg7 Kxg7 29. g4 Qc5+ 30. Nd4 Bd7 31. f5 Qxd5 32. Re7 Bc6 33. Ne6+ Kg8 34.
Qxd5 Bxd5 35. Nxf8 Kxf8 36. Rd7 Bc4 37. Re1 b5 38. Rxd6 a5 39. Ra6 a4 40. f6
Re8 41. Kf2 h6 42. h4 Rxe1 43. Kxe1 Ke8 44. Ra7 Kd8 45. Kd2 Kc8 46. Kc1 Kb8 47.
Re7 a3 48. Re8+ Kb7 49. Kb1 Bd5 50. h5 gxh5 51. gxh5 Kc7 52. Rh8 Kd6 53. Rxh6
Ke6 54. Rh8 Kxf6 55. Rg8 Be4 56. Ka2 Bxc2 57. Kxa3 Bd3 58. Kb4 1-0

[Event "Europa ch Femenino 2013"]
[Site "Belgrado SER"]
[Date "2013.07.28"]
[Round "6.47"]
[White "Batyte, Daiva"]
[Black "Galojan, Lilit"]
[Result "0-1"]
[WhiteElo "2161"]
[BlackElo "2320"]
[PlyCount "104"]
[EventDate "2013.07.23"]
[EventType "swiss"]
[EventRounds "11"]
[EventCountry "SER"]
[Source "lmi"]
[SourceDate "2013.07.22"]

1. c4 c5 2. Nc3 Nf6 3. g3 g6 4. Bg2 Bg7 5. Nf3 O-O 6. O-O Nc6 7. d4 cxd4 8.
Nxd4 Nxd4 9. Qxd4 d6 10. Bg5 h6 11. Bxf6 Bxf6 12. Qd2 Qa5 13. Rac1 Be6 14. b3
Rab8 15. Rfd1 Kg7 16. Nd5 Qxd2 17. Rxd2 Rfc8 18. b4 b6 19. f4 a5 20. a3 Bxd5
21. Bxd5 e6 22. Bf3 d5 23. Rdc2 Bd4+ 24. Kg2 axb4 25. axb4 Be3 26. Rb1 dxc4 27.
b5 Rc5 28. Bc6 Rd8 29. Kf3 Bd2 30. Rd1 c3 31. Ra1 Rd4 32. e4 Rcc4 33. e5 Rb4
34. Raa2 g5 35. fxg5 hxg5 36. h3 Rb1 37. Ke2 Re1+ 38. Kf3 Re3+ 39. Kf2 Rxe5 40.
Ra6 Rb4 41. Raa2 Rb1 42. Kf3 f5 43. h4 gxh4 44. gxh4 Rb4 45. h5 Rf4+ 46. Kg3
Rg4+ 47. Kf3 Re3+ 48. Kf2 Rf4+ 49. Kg2 Re2+ 50. Kg3 Rg4+ 51. Kf3 Rgg2 52. Bd7
Kf6 0-1

[Event "Europa ch Femenino 2013"]
[Site "Belgrado SER"]
[Date "2013.07.28"]
[Round "6.48"]
[White "Berke, Ana"]
[Black "Sedina, Elena"]
[Result "0-1"]
[WhiteElo "2145"]
[BlackElo "2313"]
[PlyCount "62"]
[EventDate "2013.07.23"]
[EventType "swiss"]
[EventRounds "11"]
[EventCountry "SER"]
[Source "lmi"]
[SourceDate "2013.07.22"]

1. e4 e6 2. d4 d5 3. Nd2 c5 4. Ngf3 Nf6 5. e5 Nfd7 6. c3 Nc6 7. Bd3 Qb6 8. O-O
cxd4 9. cxd4 a5 10. Re1 Be7 11. h4 h6 12. h5 a4 13. Nb1 Nxd4 14. Nc3 Bc5 15.
Bf4 Qxb2 16. Rc1 Nc6 17. Rc2 Qb6 18. Rce2 a3 19. Nxd5 exd5 20. e6 O-O 21. exd7
Bxd7 22. Bb1 Nb4 23. Ne5 Bg4 24. Qd2 Rae8 25. Nd7 Bxd7 26. Be5 Bb5 27. Qf4 Bxe2
28. Rxe2 Rxe5 29. Rxe5 Qf6 30. Rf5 Qb2 31. Rxf7 Qxb1+ 0-1